|
|
|
|
| LEADER |
00967nam a2200265 a 4500 |
| 001 |
5695 |
| 003 |
BD-DhAAL |
| 005 |
20151014112152.0 |
| 008 |
151014s1994 ctuab b 001 0 eng |
| 010 |
|
|
|a 93073094
|
| 020 |
|
|
|a 156134236X
|
| 040 |
|
|
|a DLC
|c DLC
|d BD-DhAAL
|
| 050 |
0 |
0 |
|a JK274
|b .M516 1994
|
| 082 |
0 |
0 |
|a 320.473
|2 20
|
| 100 |
1 |
|
|a McKenna, George.
|9 15451
|
| 245 |
1 |
4 |
|a The drama of democracy :
|b American government and politics /
|c George McKenna.
|
| 250 |
|
|
|a 2nd ed.
|
| 260 |
|
|
|a Guilford, Conn. :
|b Dushkin Pub. Group,
|c c1994.
|
| 300 |
|
|
|a xxiv, 718 p. :
|b ill. (some col.), col. maps ;
|c 29 cm.
|
| 504 |
|
|
|a Includes bibliographical references and index.
|
| 541 |
|
|
|e 5695
|
| 651 |
|
0 |
|a United States
|x Politics and government.
|9 15452
|
| 942 |
|
|
|2 ddc
|c BK
|
| 999 |
|
|
|c 35797
|d 35797
|
| 952 |
|
|
|0 0
|1 0
|2 ddc
|4 0
|6 320_473000000000000_MCK
|7 0
|9 56309
|a SCL
|b SCL
|c GEN
|d 2015-10-14
|e Gift: The Asia Foundation
|l 0
|o 320.473 MCK
|p 3020005695
|r 2015-10-14
|t 1
|w 2015-10-14
|y BK
|